Government through consultation advisory committees in Indian government (Record no. 477011)

000 -LEADER
fixed length control field 00470cam a22001337a 4500
008 - FIXED-LENGTH DATA ELEMENTS--GENERAL INFORMATION
fixed length control field 180718b1972 xxu||||| |||| 00| 0 eng d
082 ## - DEWEY DECIMAL CLASSIFICATION NUMBER
Classification number I581x54 M277g
100 ## - MAIN ENTRY--PERSONAL NAME
Personal name Maheshwari, Shri Ram
9 (RLIN) 10547
245 ## - TITLE STATEMENT
Title Government through consultation advisory committees in Indian government
Statement of responsibility, etc by Shri Ram Maheshwari
260 ## - PUBLICATION, DISTRIBUTION, ETC. (IMPRINT)
Place of publication, distribution, etc New Delhi
Name of publisher, distributor, etc Indian Institute of Public Administration
Date of publication, distribution, etc 1972
300 ## - PHYSICAL DESCRIPTION
Extent 380p.
650 ## - SUBJECT ADDED ENTRY--TOPICAL TERM
Topical term or geographic name as entry element Executive advisory bodies --India
9 (RLIN) 10548
942 ## - ADDED ENTRY ELEMENTS (KOHA)
Source of classification or shelving scheme
Holdings
Withdrawn status Lost status Damaged status Koha normalized classification for sorting Not for loan Permanent location Current location Date acquired Full call number Barcode Date last seen Price effective from Koha item type Source of classification or shelving scheme
      I_581X54_M277G   Indian Institute of Public Administration Indian Institute of Public Administration 2018-08-04 I581x54 M277g GR14217 2018-08-04 2018-08-04 GR  
      I_581X54_M277G   Indian Institute of Public Administration Indian Institute of Public Administration 2018-08-04 I581x54 M277g GR8757 2018-08-04 2018-08-04 GR  
      I_581X54_M277G   Indian Institute of Public Administration Indian Institute of Public Administration 2018-08-04 I581x54 M277g GR8755 2018-08-04 2018-08-04 GR  
      I_581X54_M277G   Indian Institute of Public Administration Indian Institute of Public Administration 2018-08-04 I581x54 M277g GR8754 2018-08-04 2018-08-04 GR  
      I_581X54_M277G   Indian Institute of Public Administration Indian Institute of Public Administration 2018-08-04 I581x54 M277g GR8753 2018-08-04 2018-08-04 GR  
      I_581X54_M277G   Indian Institute of Public Administration Indian Institute of Public Administration 2018-08-04 I581x54 M277g GR8752 2018-08-04 2018-08-04 GR  
      I_581X54_M277G   Indian Institute of Public Administration Indian Institute of Public Administration 2019-09-14 I581x54 M277g GR21640 2019-09-14 2019-09-14 GR  

Powered by Koha